| 000 | 01058nas a2200349 4500 | ||
|---|---|---|---|
| 001 | BR0400744 | ||
| 003 | BR-BrBNA | ||
| 005 | 20231205104335.0 | ||
| 007 | ta | ||
| 008 | 230509b bl.|||p| |||| 00| 00por d | ||
| 040 |
_aBR-BrBNA _bpor _cBiblioteca Nacional de Agricultura |
||
| 041 | _a(En) | ||
| 072 | _aL53; L51 | ||
| 100 | 1 | _aFreitas, V.J.F. | |
| 100 | 1 | _aRondina, D. | |
| 100 | 1 | _aRodrigues, A.P.R. | |
| 100 | 1 | _aArruda, I.J. | |
| 100 | 1 | _aLima Verde, I.B. | |
| 100 | 1 | _aLoos, J.B. | |
| 100 | 1 | _aDiniz, J.F. | |
| 100 | 1 | _aLopes Júnior, E.S. | |
| 100 | 1 | _aPaula, N.R.O. | |
| 245 | 1 | _aPrimordial follicle initiation in sheep and goat ovaries during the dry and rainy season of Northeastern Brazil | |
| 650 | _aOVINO | ||
| 650 | _aCAPRINO | ||
| 650 | _aREPRODUÇÃO ANIMAL | ||
| 650 | _aOVÁRIO | ||
| 650 | _aNUTRIÇÃO ANIMAL | ||
| 773 | 0 |
_tRevista Brasileira de Reprodução Animal (Brazil) _xISSN 0102-0803 _g(Apr-Jun 2003), v. 27(2) p. 254-256 _wBR0400744 |
|
| 909 |
_a202311 _bLúcia _c55 _dLúcia Elande |
||
| 942 |
_2AGRIS _n0 _cANA |
||
| 999 |
_c177652 _d177652 |
||